000 00321nam a2200133 i 4500
001 bg
100 1 _aSHCWARTZ, Laurent.
245 1 0 _aKurs analizy matematycznej.
_nT. 2 /
_cLaurent Shcwartz.
260 _aWarszawa,
_c1980.
040 _cBPK
041 _apol
942 _cKS
008 s pl f |000 0 pol
999 _c19917
_d19917
856 _uhttp://koha.tu.koszalin.pl/cgi-bin/koha/opac-detail.pl?biblionumber=19917
_yKatalog online BPK